000 00371nam a2200121Ia 4500
008 220204s9999 xx 000 0 und d
082 _a632.6/.7(540)
_bFLE
100 _aFLETCHER, Bainbrigge
245 0 _aAnnotated list of Indian crop pests: Proceedings of the 3rd entomological meeting.
260 _aDelhi
_bPeriodical expert
_c1980
650 _aCrop pest
942 _cBK
999 _c36045
_d36045